00613 a2200229 4500041000800000082001900008100002600027245007900053260003100132300001400163650003100177650001100208650001700219650002100236650001800257650001900275650002100294650002400315653001400339942001300353999001700366 aEng a330.156bH339f aHazlitt, Henry915766 aThe failure of the "New economics"; an analysis of the Keynesian fallacies aLondonbVan Nostrandc1959 axii,458p. aKeynesian economics914378 aIncome aSaving93220 aInvestment93171 aCapital92997 aInterest98876 aEmplyment915767 aMercantilism915768 aEconomics 2ddccGEN c57012d57006